000 00987cam a22002893a 4500
001 17860
003 PGUSA
005 20140828083400.0
008 060226s2006||||xxu|||||s|||||000 | eng d
040 _aPGUSA
_beng
042 _adc
050 4 _aPZ
100 1 _aAndersen, H. C.
_q(Hans Christian),
_d1805-1875
245 1 0 _aStories from Hans Andersen
_h[electronic resource] /
_cH. C. Andersen
260 _bProject Gutenberg,
_c2006
505 0 _aThe snow queen -- The nightingale -- The real princess -- The garden of paradise -- The mermaid -- The emperor's new clothes -- The wind's tale.
506 _aPublic domain in the USA.
516 _aElectronic text
653 _aChildren's stories, Danish -- Translations into English
653 _aShort stories
653 _aFairy tales
653 _aFairy tales -- Denmark
700 1 _aDulac, Edmund,
_d1882-1953
830 0 _aProject Gutenberg
_v17860
856 4 0 _uhttp://www.gutenberg.org/ebooks/17860
942 _cEB
999 _c247115
_d247115